[Event "LSS SN-2008-0-00118"]
[Site "LSS email"]
[Date "2008.10.21"]
[Round "?"]
[White "Zhao, Jowett"]
[Black "Darevski, Vladimir"]
[Result "0-1"]
[WhiteElo "800"]
[BlackElo "1218"]
[PlyCount "23"]
[EventDate "2008.10.18"]
[EventType "tourn (corr)"]
[EventRounds "6"]
[EventCountry "GER"]
[SourceTitle "Corr 2015"]
[Source "ChessBase"]
[SourceDate "2015.07.17"]
[SourceVersion "1"]
[SourceVersionDate "2015.07.17"]
[SourceQuality "1"]

1. e4 c5 2. Bc4 e6 3. Nf3 a6 4. c3 d5 5. exd5 exd5 6. Be2 Nf6 7. 0-0 Bd6 8. d4 b6 9. Bg5 0-0 10. Nbd2 Nc6 11. h3 c4 12. b3 0-1

[Event "LSS SN-2008-0-00118"]
[Site "LSS email"]
[Date "2008.10.21"]
[Round "?"]
[White "Zhao, Jowett"]
[Black "Suhodolov, Dmitry"]
[Result "0-1"]
[WhiteElo "800"]
[BlackElo "1374"]
[PlyCount "25"]
[EventDate "2008.10.18"]
[EventType "tourn (corr)"]
[EventRounds "6"]
[EventCountry "GER"]
[SourceTitle "Corr 2015"]
[Source "ChessBase"]
[SourceDate "2015.07.17"]
[SourceVersion "1"]
[SourceVersionDate "2015.07.17"]
[SourceQuality "1"]

1. e4 e5 2. Nf3 Nc6 3. Bc4 Bc5 4. 0-0 Nf6 5. d3 d6 6. a3 0-0 7. c3 Bg4 8. h3 Bh5 9. g4 Bg6 10. h4 Nxg4 11. Nbd2 Bh5 12. Bd5 Qf6 13. d4 0-1

[Event "LSS OP-2008-0-00659"]
[Site "LSS email"]
[Date "2008.10.16"]
[Round "?"]
[White "Zhao, Jowett"]
[Black "McDonald, Graham R"]
[Result "0-1"]
[WhiteElo "800"]
[BlackElo "1580"]
[PlyCount "29"]
[EventDate "2008.10.14"]
[EventType "tourn (corr)"]
[EventRounds "4"]
[EventCountry "GER"]
[SourceTitle "Corr 2015"]
[Source "ChessBase"]
[SourceDate "2015.07.17"]
[SourceVersion "1"]
[SourceVersionDate "2015.07.17"]
[SourceQuality "1"]

1. e4 e5 2. Nf3 Nc6 3. d3 Bc5 4. Qe2 Nf6 5. Be3 Bxe3 6. Qxe3 0-0 7. Nc3 d5 8. 0-0-0 d4 9. Qd2 dxc3 10. Qxc3 Qd6 11. d4 exd4 12. Nxd4 Rd8 13. Bb5 Nxd4 14. Bd3 Nxe4 15. Bxe4 0-1